[Event "Mashhad Ferdowsi op 7th"]
[Site "Mashhad"]
[Date "2017.02.14"]
[Round "3"]
[White "Chigaev, Maksim"]
[Black "Kolyaei, Mahdi"]
[Result "1-0"]
[WhiteElo "2540"]
[BlackElo "1547"]
[PlyCount "59"]
[EventDate "2017.02.13"]
[EventType "swiss"]
[EventRounds "9"]
[EventCountry "IRI"]
[SourceTitle "EXT 2018"]
[Source "ChessBase"]
[SourceDate "2017.10.13"]
[SourceVersion "1"]
[SourceVersionDate "2017.10.13"]
[SourceQuality "1"]

1. e4 e5 2. Nf3 Nc6 3. Bb5 a6 4. Ba4 Nf6 5. d3 b5 6. Bb3 h6 7. 0-0 Bb7 8. Nc3 Be7 9. a4 b4 10. Nd5 d6 11. a5 Nxd5 12. exd5 Nd4 13. Nxd4 exd4 14. Qe1 Rb8 15. Qxb4 Bxd5 16. Qa4+ Rb5 17. Bxd5 0-0 18. Qxd4 Bf6 19. Qe4 Bxb2 20. Bxb2 Rxb2 21. Bb3 Qf6 22. g3 Rb8 23. Rae1 c5 24. Qe7 Qg6 25. Qd7 R2xb3 26. cxb3 Rxb3 27. Qe8+ Kh7 28. Qe4 Rxd3 29. Qxg6+ Kxg6 30. Rd1 1-0